[Event "Marseille op 5th"]
[Site "Marseille"]
[Date "2012.12.26"]
[Round "1"]
[White "Bourgery, William"]
[Black "Petrossian, Armen"]
[Result "0-1"]
[WhiteElo "1766"]
[BlackElo "2418"]
[PlyCount "88"]
[EventDate "2012.12.26"]
[EventType "swiss"]
[EventRounds "9"]
[EventCountry "FRA"]
[SourceTitle "EXT 2014"]
[Source "ChessBase"]
[SourceDate "2013.11.20"]
[SourceVersion "1"]
[SourceVersionDate "2013.11.20"]
[SourceQuality "1"]

1. e4 e5 2. Nf3 Nc6 3. d4 exd4 4. Bc4 Nf6 5. 0-0 Nxe4 6. Re1 d5 7. Bxd5 Qxd5 8. Nc3 Qd7 9. Nxe4 Be7 10. Bg5 0-0 11. Bxe7 Qxe7 12. Nxd4 Nxd4 13. Qxd4 b6 14. Nc3 Be6 15. Nd5 Qd8 16. Rad1 Re8 17. Ne3 Qxd4 18. Rxd4 Rad8 19. Red1 Rxd4 20. Rxd4 f5 21. a3 c5 22. Ra4 a5 23. h3 g5 24. g3 Kg7 25. Kg2 Kg6 26. Kh2 Re7 27. h4 h6 28. Kg2 Ra7 29. Nc4 Ra6 30. hxg5 hxg5 31. g4 Kf6 32. gxf5 Bd7 33. Nxb6 Bxa4 34. Nxa4 c4 35. Kf3 Kxf5 36. Ke3 Rd6 37. Nc3 g4 38. Ke2 Kf4 39. Nd1 Re6+ 40. Kf1 Kf3 41. b3 Rh6 42. Ke1 cxb3 43. cxb3 Rh1+ 44. Kd2 Rxd1+ 0-1

[Event "FRA-chT U20 16 GP Basse 1011"]
[Site "France"]
[Date "2011.06.13"]
[Round "11"]
[White "Bellahcene, Bilel"]
[Black "Bourgery, William"]
[Result "1-0"]
[WhiteElo "2226"]
[BlackElo "1630"]
[PlyCount "51"]
[EventDate "2010.06.20"]
[EventType "team-tourn"]
[EventRounds "11"]
[EventCountry "FRA"]
[SourceTitle "EXT 2015"]
[Source "ChessBase"]
[SourceDate "2014.11.20"]
[SourceVersion "1"]
[SourceVersionDate "2014.11.20"]
[SourceQuality "1"]
[WhiteTeam "Bischwiller (U20)"]
[BlackTeam "Hyeres (U20)"]
[WhiteTeamCountry "FRA"]
[BlackTeamCountry "FRA"]

1. e4 e5 2. Nf3 Nc6 3. Bb5 a6 4. Bxc6 dxc6 5. 0-0 Bg4 6. h3 Bxf3 7. Qxf3 Nf6 8. d3 h6 9. Nd2 b5 10. Qg3 Qd6 11. Nf3 Nd7 12. Nh4 0-0-0 13. a4 g6 14. axb5 cxb5 15. Qe3 Qf6 16. Qa7 Nc5 17. Be3 Qxh4 18. Bxc5 Bxc5 19. Qxa6+ Kd7 20. Qxb5+ Ke6 21. Qxc5 Rd7 22. Ra6+ Rd6 23. Qd5+ Kd7 24. Rxd6+ cxd6 25. Qxf7+ Qe7 26. Qxg6 1-0

[Event "FRA-chTA U20 1011"]
[Site "France"]
[Date "2010.11.21"]
[Round "1.4"]
[White "Bourgery, William"]
[Black "Froment, Theophile"]
[Result "1/2-1/2"]
[WhiteElo "1575"]
[BlackElo "1877"]
[PlyCount "67"]
[EventDate "2010.11.21"]
[EventType "team-tourn"]
[EventRounds "7"]
[EventCountry "FRA"]
[SourceTitle "EXT 2012"]
[Source "ChessBase"]
[SourceDate "2011.11.24"]
[SourceVersion "1"]
[SourceVersionDate "2011.11.24"]
[SourceQuality "1"]
[WhiteTeam "Hyeres"]
[BlackTeam "Cannes"]
[WhiteTeamCountry "FRA"]
[BlackTeamCountry "FRA"]

1. e4 e6 2. d4 d5 3. exd5 exd5 4. Nf3 Bd6 5. Bd3 Nc6 6. 0-0 Bg4 7. c3 Nge7 8. Nbd2 Qd7 9. Re1 0-0 10. Qc2 Bf5 11. Nf1 Rfe8 12. Bd2 Bg6 13. Ne3 Bxd3 14. Qxd3 Ng6 15. g3 Bf8 16. b3 Rad8 17. Kg2 Be7 18. Nf5 Bf6 19. h4 Nf8 20. h5 Ne7 21. Nxe7+ Rxe7 22. Rxe7 Qxe7 23. Re1 Qd7 24. Ne5 Bxe5 25. Rxe5 Re8 26. Rxe8 Qxe8 27. Qf3 Qd7 28. h6 Ng6 29. hxg7 Kxg7 30. Qh5 Qe6 31. Qh6+ Kg8 32. Qe3 Qxe3 33. Bxe3 Nf8 34. Kf3 1/2-1/2

[Event "FRA-chTA U20 1011"]
[Site "France"]
[Date "2010.11.21"]
[Round "2.4"]
[White "Dombre, Antoine"]
[Black "Bourgery, William"]
[Result "1/2-1/2"]
[WhiteElo "1625"]
[BlackElo "1575"]
[PlyCount "106"]
[EventDate "2010.11.21"]
[EventType "team-tourn"]
[EventRounds "7"]
[EventCountry "FRA"]
[SourceTitle "EXT 2012"]
[Source "ChessBase"]
[SourceDate "2011.11.24"]
[SourceVersion "1"]
[SourceVersionDate "2011.11.24"]
[SourceQuality "1"]
[WhiteTeam "Grenoble"]
[BlackTeam "Hyeres"]
[WhiteTeamCountry "FRA"]
[BlackTeamCountry "FRA"]

1. d4 d5 2. c4 c6 3. Nc3 Bf5 4. Nf3 e6 5. Bf4 Nf6 6. e3 Bd6 7. Bxd6 Qxd6 8. Bd3 Bxd3 9. Qxd3 Nbd7 10. 0-0 h5 11. c5 Qc7 12. b4 g5 13. Nxg5 0-0-0 14. Nxf7 Nxc5 15. bxc5 Qxf7 16. h4 Rhg8 17. g3 Rg4 18. Kh2 Qc7 19. Kh1 Rdg8 20. Rg1 Qf7 21. Raf1 Ne4 22. Nxe4 Qf3+ 23. Kh2 Rxe4 24. Qd1 Qf5 25. Qe2 Reg4 26. Rg2 Qg6 27. Rfg1 Qf6 28. Kh1 e5 29. Re1 e4 30. Rf1 Rf8 31. Rb1 Rfg8 32. a4 Rf8 33. a5 Qd8 34. a6 Rf7 35. axb7+ Rxb7 36. Qa6 Qc7 37. Rxb7 Qxb7 38. Qxb7+ Kxb7 39. Rg1 Rg7 40. Ra1 Rf7 41. Kg2 Rf6 42. Ra2 Rf7 43. Ra1 Rf6 44. Rf1 a5 45. Ra1 Ka6 46. Rb1 a4 47. Rb2 Ka5 48. Kf1 a3 49. Rb7 Ka4 50. Ra7+ Kb3 51. Rb7+ Ka2 52. Ke2 Ka1 53. Rb6 a2 1/2-1/2

[Event "FRA-ch U12"]
[Site "Troyes"]
[Date "2010.04.16"]
[Round "7"]
[White "Rambaldi, Francesco"]
[Black "Bourgery, William"]
[Result "1-0"]
[WhiteElo "1952"]
[BlackElo "1586"]
[PlyCount "83"]
[EventDate "2010.04.11"]
[EventType "swiss"]
[EventRounds "9"]
[EventCountry "FRA"]
[SourceTitle "EXT 2012"]
[Source "ChessBase"]
[SourceDate "2011.11.24"]
[SourceVersion "1"]
[SourceVersionDate "2011.11.24"]
[SourceQuality "1"]

1. c4 Nf6 2. Nc3 c6 3. e4 e5 4. Nf3 Bb4 5. Qc2 0-0 6. Be2 Re8 7. d3 d5 8. cxd5 cxd5 9. exd5 Qxd5 10. 0-0 Bxc3 11. bxc3 Nc6 12. Bg5 Bf5 13. Rfd1 Nd7 14. Be3 Nf6 15. h3 Rac8 16. Qb2 Qd7 17. d4 exd4 18. Nxd4 Bg6 19. Nxc6 Qxc6 20. Bb5 Qxc3 21. Qxc3 Rxc3 22. Bxe8 Nxe8 23. Bxa7 f6 24. Be3 Rc7 25. Rac1 Re7 26. Bc5 Rc7 27. Bb4 Rxc1 28. Rxc1 Kf7 29. Re1 b5 30. Re7+ Kg8 31. f4 Bf7 32. a3 g6 33. Rb7 Bc4 34. Bc3 Bd3 35. Kf2 Nd6 36. Rd7 Ne4+ 37. Ke3 Nxc3 38. Rxd3 Na4 39. Rb3 Kf7 40. Rxb5 h5 41. Kd4 Ke6 42. Rb4 1-0

[Event "FRA-chT U20 0809"]
[Site "Sautron"]
[Date "2009.01.04"]
[Round "7.5"]
[White "Bourgery, William"]
[Black "Pruvot, Louis"]
[Result "0-1"]
[WhiteElo "1680"]
[BlackElo "1655"]
[PlyCount "128"]
[EventDate "2008.10.??"]
[EventType "team-tourn"]
[EventRounds "11"]
[EventCountry "FRA"]
[SourceTitle "EXT 2010"]
[Source "ChessBase"]
[SourceDate "2010.11.25"]
[SourceVersion "1"]
[SourceVersionDate "2010.11.25"]
[SourceQuality "1"]

1. e4 d6 2. d4 Nf6 3. Nc3 c6 4. Nf3 Bg4 5. Be2 e6 6. 0-0 Nbd7 7. Re1 Be7 8. h3 Bh5 9. Nh4 Bxe2 10. Qxe2 0-0 11. Nf3 Re8 12. Bd2 Nf8 13. Rad1 Qc7 14. e5 Nd5 15. Nxd5 cxd5 16. exd6 Bxd6 17. Bc3 Nd7 18. Qd3 Nf6 19. Nd2 Rac8 20. g3 a6 21. Rc1 b5 22. Nb1 Ne4 23. Kg2 Qe7 24. Bd2 Qf6 25. Be3 Qg6 26. Bd2 b4 27. c3 a5 28. cxb4 axb4 29. Rxc8 Rxc8 30. Bc1 h6 31. Nd2 Bf4 32. Nxe4 dxe4 33. Qf1 e5 34. dxe5 Bxe5 35. Qb5 Bd6 36. Qb7 Re8 37. Qb6 Re6 38. Qe3 Qf5 39. Kh2 Rf6 40. Rf1 Bc5 41. Qe2 Qxf2+ 42. Rxf2 Rxf2+ 43. Qxf2 Bxf2 44. Kg2 Bd4 45. Kf1 Kf8 46. Ke2 Ke7 47. Bd2 Bc5 48. Be3 Bd6 49. b3 h5 50. g4 hxg4 51. hxg4 Ke6 52. Bd4 g6 53. Be3 f5 54. gxf5+ gxf5 55. Bd4 Kd5 56. Be3 f4 57. Bf2 Bc5 58. Be1 Kd4 59. Bd2 e3 60. Be1 Ke4 61. Bh4 f3+ 62. Ke1 f2+ 63. Ke2 Kf4 64. Bd8 Kg3 0-1